| 000 | 00453nam a2200157 4500 | ||
|---|---|---|---|
| 082 |
_a621.56 _bTRA _cL-8, P-18 |
||
| 110 | 2 |
_aTrane Company. _941868 |
|
| 245 | 1 | 0 | _aTrane refrigeration manual. |
| 250 | _a[Rev. ed.] | ||
| 260 |
_aLa Crosse, Wis. _c[c1953] |
||
| 300 | _ax, 118 p., illus., diagrs. | ||
| 526 |
_a0 _b0 _c0 _d621_560000000000000_TRA |
||
| 650 | 0 |
_aMCE _9379 |
|
| 650 | 0 |
_aRefrigeration and refrigerating machinery. _919031 |
|
| 942 |
_2ddc _cBK |
||
| 999 |
_c545885 _d545885 |
||